| 000 | 00715cam a22002053a 4500 | ||
|---|---|---|---|
| 001 | 43976 | ||
| 003 | PGUSA | ||
| 005 | 20140828084012.0 | ||
| 008 | 131018s2013||||xxu|||||s|||||000 | eng d | ||
| 040 |
_aPGUSA _beng |
||
| 042 | _adc | ||
| 100 | 1 |
_aStopes, Marie Carmichael, _d1880-1958 |
|
| 245 | 1 | 0 |
_aAncient Plants : _bBeing a Simple Account of the Past Vegetation of the Earth and of the Recent Important Discoveries Made in this Realm of Nature _h[electronic resource] / _cMarie Carmichael Stopes |
| 260 |
_bProject Gutenberg, _c2013 |
||
| 506 | _aPublic domain in the USA. | ||
| 516 | _aElectronic text | ||
| 830 | 0 |
_aProject Gutenberg _v43976 |
|
| 856 | 4 | 0 | _uhttp://www.gutenberg.org/ebooks/43976 |
| 942 | _cEB | ||
| 999 |
_c273227 _d273227 |
||